Eugenie grandet / (Record no. 12537)
[ view plain ]
| 000 -LEADER | |
|---|---|
| fixed length control field | 00409cam a2200169ua 4500 |
| 041 ## - LANGUAGE CODE | |
| Language code of text/sound track or separate title | eng |
| 082 ## - DEWEY DECIMAL CLASSIFICATION NUMBER | |
| Classification number | 823.308 |
| Item number | BAL/EU |
| 100 ## - MAIN ENTRY--AUTHOR NAME | |
| Personal name | Balzac, Honore De . |
| 245 ## - TITLE STATEMENT | |
| Title | Eugenie grandet / |
| 260 ## - PUBLICATION, DISTRIBUTION, ETC. (IMPRINT) | |
| Place of publication | London : |
| Name of publisher | J M Dent and Sons Ltd , |
| Year of publication | 1962. |
| 300 ## - PHYSICAL DESCRIPTION | |
| Number of Pages | 235 ; . |
| 942 ## - ADDED ENTRY ELEMENTS (KOHA) | |
| Koha item type | Books |
| Withdrawn status | Lost status | Damaged status | Home library | Current library | Date acquired | Full call number | Accession Number | Koha item type |
|---|---|---|---|---|---|---|---|---|
| Withdrawn | KAUAET | Malayalam University | 07/04/2012 | 823.308 | 4428 | Books |
